000 01219nam a22002657a 4500
005 20170124103110.0
010 _aA-815387
020 _c195.00
035 _aA-815387
037 _bCen Lib/Ret
040 _aDPL
_bHN
082 _a415
_bमंगला
100 _aमंगलाराम
_9134686
245 _aसंस्कृत व्याकरण की दार्शनिक मीमांसा /
_cमंगलाराम
246 _aSanskrit vyakaran ki darshnik meemansa /
_bby Mangalaram
260 _aजोधपुर
_bराजस्थानी ग्रंथागार
_c1995
270 _bजोधपुर
_aसोजती गेट के बहार
300 _axxiii,199पृ.
_c20सेमी(सजिल्द )
500 _aअनुक्रमाणिका एवं ग्रन्थ सूची भी शामिल
650 _aहिन्दी --भाषा
_x
_z
_9134687
650 _aहिन्दी --भाषा--संस्कृत व्याकरण
_947237
650 _aHindi--bhasha
_943966
650 _aHindi--bhasha--Sanskrit grammer
_979626
942 _2ddc
_cHN
_h415
_mमंगला
999 _c118343
_d118343